000 00328nam a22001337a 4500
008 171207b xxu||||| |||| 00| 0 eng d
020 _a9781506316208
041 _aeng
080 _a616.073
100 _a6
101 _aRAD
245 _aINFANCY THROUGH MIDDLE CHILDHOOD CHILD DEVELOPMENT
_cLEVINE.L.E
942 _2udc
_cBK
999 _c38819
_d38819